000 00560nam a2200217Ia 4500
003 OSt
005 20220928135455.0
006 a|||||r|||| 00| 0
007 ta
008 220927b |||||||| |||| 00| 0 eng d
024 _a2426
037 _cTextual
040 _aSDCL
_cSDCL
_beng
041 _2eng
_aeng
082 _aO-,1K08:g, L3
100 _aBrisman Leslie
_9490890
245 0 _aMilton's poetry of choice and its romantic heirs
260 _c1973
942 _hO-,1K08:g, L3
_cTEXL
_2CC
999 _c806237
_d806237